00749 2200241 4500001002100000005001500021035002000036007000300056008004100059020002200100082001000122084001600132100002000148245011200168250001000280260005700290300003400347500003500381650002500416700003500441700002000476990001100496INLIS00000000000917220210630031115 a0010-0621000240ta210630 g 0 ind  a978-979-91-0565-3 a153.8 a153.8 DUH t0 aDUHIGG, Charles1 aThe Power of Habit /cCharles Duhigg; penerjemah, Damaring Tyas Wulandari Palar; penyunting, Andya Primanda acet.2 aJakarta :bKPG (Kepustakaan Populer Gramedia),c2013 axx, 370 hlm :bilus ;c23 cm. aJudul asli: The Power of Habit 4aMOTIVASI (PSIKOLOGI)0 aDAMARING, Tyas Wulandari Palar0 aANDYA, Primanda a8130 a